000 00719nam a2200241Ia 4500
005 20260430150401.0
008 008 250103s9999 xx 000 0 eng d
037 _aTheses
040 _aCRL
040 _beng
040 _ceng
041 _2eng
041 _aeng
084 _qCRL
100 _aBibyan Ritu Au.; Anand Sameer Gu.
_91237331
245 0 _aStudy on Quantitative Assessment and Optimization of Testing Coverage Based Software Reliability Using Soft Computing Techniques
260 _c2023
300 _a241p.
650 _aOperations Research
700 _aUniversity of Delhi. Faculty of Mathematical Sciences. Deptt. of Operational Research
942 _cTH
999 _c1849655
_d1849655